000 01477cad a22002415a 4500
001 L158903
008 150923s201 xxk f 000 0 eng d
020 _a9780111139332
035 _a(Sirsi) u158903
041 0 _aeng
110 2 _aUnited Kingdom
_kLaws, etc
_95044
245 0 4 _aThe Smoke and Carbon Monoxide Alarm (England) Regulations 2015
_h[electronic resource]
260 _aLondon
_bStationery Office Ltd
_c2015
490 0 _aSI
_v2015:1693
520 _aOutlines requirements for premises occupied under an assured shorthold tenancy (within the meaning of Chapter 2 of Part 1 of the Housing Act 1988) (1) to have a smoke alarm on each storey of the premises on which there is a room used wholly or partly as living accommodation and (2) A carbon monoxide alarm in any room of the premises which is used wholly or partly as living accommodation and contains a solid fuel burning combustion appliance. Both smoke and carbon monoxide detectors must be checked by or on behalf of the landlord to be in proper working order on the day the tenancy begins if it is a new tenancy. Effective from 1 October 2015.
590 _aKA
650 2 4 _aTHE SMOKE AND CARBON MONOXIDE ALARM (ENGLAND) REGULATIONS 2015
651 4 _aEngland
_y886-
690 _aResidential property
_96266
690 _aLandlord and tenant
_96252
856 4 8 _uhttps://www.legislation.gov.uk/uksi/2015/1693/contents/made
_zView this item free of charge at www.legislation.gov.uk
942 _n0
999 _c115581
_d115581